| 000 | 00345nam a2200145Ia 4500 | ||
|---|---|---|---|
| 008 | 150201s2003 xx 000 0 und d | ||
| 082 |
_a617.525 _bO2003P |
||
| 100 | _aPETERSON | ||
| 245 | _aORAL & MAXILLOFACIAL SURGERY | ||
| 250 | _a4TH | ||
| 260 |
_bMOSBY _aNEW DELHI _c2003 |
||
| 300 | _a1-776 | ||
| 650 | _aORAL SURGERY | ||
| 942 |
_2ddc _cBK _06 |
||
| 999 |
_c3159 _d3159 |
||